000
00222 a2200097 4500
001
18630
100
_a
Saeed, A
245
_a
Jaddojehed azadi aur maulana ashraf
260
_a
_b
Khalid nadeem pub
_c
090
_c
13857
_d
13857
942
_a
NUST-CAE
_c
M
_c
4288
999
_c
253703
_d
253703